000 00470 a2200205 4500
001 133136
020 _a85-08-00734-5
040 _cLeonardo Da Vinci
041 _aPortuguês
082 _aI J94pa
_bJ94pa
100 _aJUNQUEIRA, Sonia
245 _aO pato e o sapo
250 _a2.ed
260 _bÁtica
_c1985
_aSão Paulo
362 _a19850000
490 _aEstrelinha 1
500 _aAlcy (Ilustração)
697 _aLiteratura infantil
942 _cBK
999 _c133136
_d133136